000 00312nam a22001337a 4500
082 _a894.812
_bVEN/K
100 _aVENNIYUR, RASHEED
245 _aKRITHIYUM KARTHAVUM
_bGURU NAKSHATHRA VILAKK
260 _aMANDHARAM
_bVENNIYUR, RASHEED
_c2023
300 _a130
520 _aNOVEL
650 _aNOVEL
942 _cBK
999 _c5514
_d5514